[Event "CZE-chT1E 2223"]
[Site "Czech Republic"]
[Date "2023.04.02"]
[Round "11.2"]
[White "Holeksa, Zdenek"]
[Black "Mrva, Marek"]
[Result "1-0"]
[WhiteElo "2221"]
[BlackElo "2124"]
[PlyCount "65"]
[EventDate "2022.10.08"]
[EventType "team-tourn"]
[EventRounds "11"]
[EventCountry "CZE"]
[SourceTitle "EXT 2024"]
[Source "ChessBase"]
[SourceDate "2023.10.10"]
[SourceVersion "1"]
[SourceVersionDate "2023.10.10"]
[SourceQuality "1"]
[WhiteTeam "Frydek Mistek III"]
[BlackTeam "Ostrava"]
[WhiteTeamCountry "CZE"]
[BlackTeamCountry "CZE"]

1. e4 c5 2. Nf3 Nc6 3. d4 cxd4 4. Nxd4 g6 5. Nc3 Bg7 6. Be3 Nf6 7. Bc4 Qa5 8. 0-0 0-0 9. Bb3 d6 10. h3 Bd7 11. f4 Qh5 12. Nf3 b5 13. Qd3 Rab8 14. Rae1 a5 15. e5 dxe5 16. fxe5 Bf5 17. exf6 Bxd3 18. fxg7 Bxf1 19. gxf8Q+ Rxf8 20. Rxf1 a4 21. Bd5 Nb4 22. Ng5 Nxd5 23. Nxd5 Qe2 24. Nxe7+ Kg7 25. Bd4+ f6 26. Nd5 Kh6 27. Nxf6 Qxc2 28. Ne6 Rc8 29. Ng4+ Kh5 30. Be3 g5 31. Rf6 Qd1+ 32. Kh2 Qd6+ 33. Bf4 1-0

[Event "CZE-chT 2223"]
[Site "Czech Republic"]
[Date "2023.02.19"]
[Round "8.3"]
[White "Holeksa, Zdenek"]
[Black "Krejci, Jan1111"]
[Result "0-1"]
[WhiteElo "2221"]
[BlackElo "2514"]
[PlyCount "126"]
[EventDate "2022.10.15"]
[EventType "team-tourn"]
[EventRounds "11"]
[EventCountry "CZE"]
[SourceTitle "CBM 213 Extra"]
[Source "ChessBase"]
[SourceDate "2023.05.31"]
[SourceVersion "1"]
[SourceVersionDate "2023.05.31"]
[SourceQuality "1"]
[WhiteTeam "Frydek Mistek"]
[BlackTeam "Novoborsky"]
[WhiteTeamCountry "CZE"]
[BlackTeamCountry "CZE"]

1. e4 c5 2. Nf3 Nc6 3. d4 cxd4 4. Nxd4 Nf6 5. Nc3 d6 6. Bc4 Na5 7. Bd3 a6 8. 0-0 g6 9. Bg5 Bg7 10. Nb3 Be6 11. Nxa5 Qxa5 12. Qd2 h6 13. Bf4 g5 14. Be3 Ng4 15. Nd5 Qxd2 16. Bxd2 Rc8 17. Bc3 Bxc3 18. Nxc3 Ne5 19. Rad1 h5 20. f3 h4 21. Be2 Kd7 22. Kf2 b5 23. a3 Rc5 24. Rd2 Rhc8 25. Rc1 Bc4 26. Nd1 Bxe2 27. Kxe2 Nc4 28. Rd3 f5 29. exf5 Rxf5 30. c3 h3 31. g4 Rf6 32. Rd5 Rcf8 33. Rxg5 Rxf3 34. b3 Ne5 35. Rf5 R3xf5 36. gxf5 Rxf5 37. Ne3 Rg5 38. Rf1 a5 39. Rf8 Ng4 40. Rh8 Nxe3 41. Kxe3 Rg2 42. Rxh3 Ra2 43. a4 bxa4 44. bxa4 Rxa4 45. Rh8 Rc4 46. Kd3 Rc8 47. Rh4 Ra8 48. Kc2 a4 49. Kb2 a3+ 50. Ka2 e5 51. Rg4 Ke6 52. h4 Kf5 53. Rg5+ Kf4 54. Rg6 d5 55. Rd6 Ke4 56. h5 Rc8 57. Kxa3 Rxc3+ 58. Kb4 Rh3 59. h6 Kd4 60. Rg6 e4 61. Rd6 e3 62. Re6 Kd3 63. Kc5 Rh5 0-1

[Event "CZE-chT1E 2223"]
[Site "Czech Republic"]
[Date "2022.11.27"]
[Round "4.6"]
[White "Biolek, Richard Jr"]
[Black "Holeksa, Zdenek"]
[Result "0-1"]
[WhiteElo "2437"]
[BlackElo "2221"]
[PlyCount "66"]
[EventDate "2022.10.08"]
[EventType "team-tourn"]
[EventRounds "11"]
[EventCountry "CZE"]
[SourceTitle "CBM 213 Extra"]
[Source "ChessBase"]
[SourceDate "2023.05.31"]
[SourceVersion "1"]
[SourceVersionDate "2023.05.31"]
[SourceQuality "1"]
[WhiteTeam "Poruba Slavoj"]
[BlackTeam "Frydek Mistek III"]
[WhiteTeamCountry "CZE"]
[BlackTeamCountry "CZE"]

1. e4 c5 2. Nf3 d6 3. Bb5+ Nd7 4. c4 a6 5. Ba4 e5 6. Nc3 g6 7. d3 Bg7 8. Bg5 f6 9. Be3 Ne7 10. 0-0 0-0 11. Ne1 Rf7 12. Nc2 Nf8 13. b4 Ne6 14. Rb1 f5 15. f3 f4 16. Bf2 g5 17. Nd5 Ng6 18. bxc5 dxc5 19. Nb6 Rb8 20. Rb2 Nd4 21. Nxc8 Qxc8 22. Na3 h5 23. Nb1 Qe6 24. Nc3 Bf6 25. Nd5 Bd8 26. Qd2 Kh7 27. h3 Rg7 28. Bd1 Nh8 29. Be2 Nf7 30. Rfb1 Nh6 31. Bxd4 exd4 32. h4 Qe5 33. Kf1 Rd7 0-1

[Event "CZE-chT1E 2223"]
[Site "Czech Republic"]
[Date "2022.11.26"]
[Round "3.5"]
[White "Vesely, Libor"]
[Black "Holeksa, Zdenek"]
[Result "0-1"]
[WhiteElo "2153"]
[BlackElo "2221"]
[PlyCount "92"]
[EventDate "2022.10.08"]
[EventType "team-tourn"]
[EventRounds "11"]
[EventCountry "CZE"]
[SourceTitle "CBM 213 Extra"]
[Source "ChessBase"]
[SourceDate "2023.05.31"]
[SourceVersion "1"]
[SourceVersionDate "2023.05.31"]
[SourceQuality "1"]
[WhiteTeam "Poruba Slavoj II"]
[BlackTeam "Frydek Mistek III"]
[WhiteTeamCountry "CZE"]
[BlackTeamCountry "CZE"]

1. e4 c5 2. Nf3 d6 3. d4 cxd4 4. Nxd4 Nf6 5. Nc3 a6 6. Bc4 e6 7. a4 Nbd7 8. 0-0 Nc5 9. Qe2 Be7 10. f4 Ncxe4 11. Nxe4 Nxe4 12. Bxe6 fxe6 13. Qxe4 d5 14. Qe2 0-0 15. c3 Qd6 16. Be3 e5 17. fxe5 Qxe5 18. Rxf8+ Bxf8 19. Rf1 Bd6 20. Bf4 Qxe2 21. Nxe2 Bc5+ 22. Nd4 Bd7 23. a5 Re8 24. Kf2 Re4 25. Be3 Bd6 26. h3 Bc7 27. b4 h5 28. Nb3 Bb5 29. Rd1 h4 30. Rd4 Bg3+ 31. Kf3 Re7 32. Nc5 Be1 33. Rd2 Rf7+ 34. Kg4 Bxd2 35. Bxd2 Bf1 36. Kxh4 Bxg2 37. Kg4 Rf3 38. h4 Kh7 39. Ne6 Rd3 40. Ng5+ Kg6 41. Be1 Kf6 42. Bf2 g6 43. Bd4+ Ke7 44. Kf4 Rd1 45. Bc5+ Kd7 46. Nf7 Ke8 0-1

[Event "Vsetin op 45th"]
[Site "Vsetin"]
[Date "2020.07.10"]
[Round "9"]
[White "Holeksa, Zdenek"]
[Black "Krejca, Jakub"]
[Result "1-0"]
[WhiteElo "2245"]
[BlackElo "2166"]
[PlyCount "89"]
[EventDate "2020.07.04"]
[EventType "swiss"]
[EventRounds "9"]
[EventCountry "CZE"]
[SourceTitle "CBM 197 Extra"]
[Source "ChessBase"]
[SourceDate "2020.09.30"]
[SourceVersion "1"]
[SourceVersionDate "2020.09.30"]
[SourceQuality "1"]

1. e4 e6 2. d4 d5 3. Nd2 Nf6 4. e5 Nfd7 5. Bd3 c5 6. c3 Nc6 7. Ne2 Qb6 8. 0-0 Be7 9. Nf3 cxd4 10. cxd4 Nf8 11. Nf4 Bd7 12. Be3 g6 13. Qe2 a6 14. a3 Na7 15. Rfc1 Bb5 16. Rc2 Nd7 17. Rac1 0-0 18. h4 Rfc8 19. h5 Nf8 20. Nh2 Rxc2 21. Rxc2 Rc8 22. Rxc8 Nxc8 23. Ng4 Bxd3 24. Nxd3 Qb5 25. g3 Nb6 26. Qf3 Qe8 27. Nc5 Nfd7 28. Nxb7 Qf8 29. Bh6 Qc8 30. Nd6 Bxd6 31. exd6 Qd8 32. Ne5 Nxe5 33. dxe5 Nc4 34. Qc3 f6 35. exf6 Kf7 36. Bf4 e5 37. Bxe5 Nxd6 38. Qc6 Nf5 39. Qxa6 d4 40. Qb7+ Ke6 41. Qe4 Kf7 42. g4 Nh4 43. Bxd4 Qxd4 44. Qe7+ Kg8 45. Qg7# 1-0

[Event "Vsetin op 45th"]
[Site "Vsetin"]
[Date "2020.07.06"]
[Round "3"]
[White "Holeksa, Zdenek"]
[Black "Makalous, Dan"]
[Result "1-0"]
[WhiteElo "2245"]
[BlackElo "1674"]
[PlyCount "37"]
[EventDate "2020.07.04"]
[EventType "swiss"]
[EventRounds "9"]
[EventCountry "CZE"]
[SourceTitle "CBM 197 Extra"]
[Source "ChessBase"]
[SourceDate "2020.09.30"]
[SourceVersion "1"]
[SourceVersionDate "2020.09.30"]
[SourceQuality "1"]

1. e4 e5 2. Nf3 Nc6 3. d4 exd4 4. c3 d5 5. e5 dxc3 6. Nxc3 Bb4 7. Bb5 a6 8. Bxc6+ bxc6 9. 0-0 Ne7 10. Be3 0-0 11. Na4 Ng6 12. Qd4 Rb8 13. Rac1 Bd7 14. Bg5 Qc8 15. a3 Ba5 16. h4 Re8 17. h5 Ne7 18. Bxe7 Bb6 19. Bc5 1-0

[Event "CZE-chT1E 1920"]
[Site "Czech Republic"]
[Date "2020.03.01"]
[Round "9.5"]
[White "Gibiec, Ernest"]
[Black "Holeksa, Zdenek"]
[Result "0-1"]
[WhiteElo "2149"]
[BlackElo "2225"]
[PlyCount "54"]
[EventDate "2019.10.20"]
[EventType "team-tourn"]
[EventRounds "11"]
[EventCountry "CZE"]
[SourceTitle "CBM 195 Extra"]
[Source "ChessBase"]
[SourceDate "2020.05.31"]
[SourceVersion "1"]
[SourceVersionDate "2020.05.31"]
[SourceQuality "1"]
[WhiteTeam "Cesky Tesin"]
[BlackTeam "Frydek Mistek II"]
[WhiteTeamCountry "CZE"]
[BlackTeamCountry "CZE"]

1. d4 Nf6 2. Nf3 g6 3. Bf4 Bg7 4. e3 c5 5. c3 b6 6. Nbd2 Bb7 7. Bd3 d5 8. Bxb8 Rxb8 9. Qa4+ Nd7 10. Ne5 c4 11. Be2 Qc7 12. f4 b5 13. Qc2 Nxe5 14. fxe5 Bh6 15. Nf1 0-0 16. h4 f6 17. h5 Kg7 18. hxg6 hxg6 19. exf6+ exf6 20. Rh3 Bc8 21. Rg3 Bg5 22. 0-0-0 Bf5 23. Qd2 b4 24. cxb4 a5 25. b5 Rxb5 26. Bg4 Bd3 27. Be2 Rfb8 0-1

[Event "CZE-chT1E 1819"]
[Site "Czech Republic"]
[Date "2019.03.24"]
[Round "10.6"]
[White "Holeksa, Zdenek"]
[Black "Slepov, Kyryl"]
[Result "1-0"]
[WhiteElo "2238"]
[BlackElo "2117"]
[PlyCount "57"]
[EventDate "2018.10.21"]
[EventType "team-tourn"]
[EventRounds "11"]
[EventCountry "CZE"]
[SourceTitle "CBM 189 Extra"]
[Source "ChessBase"]
[SourceDate "2019.06.03"]
[SourceVersion "1"]
[SourceVersionDate "2019.06.03"]
[SourceQuality "1"]
[WhiteTeam "Frydek Mistek II"]
[BlackTeam "Jundrov Jezdci"]
[WhiteTeamCountry "CZE"]
[BlackTeamCountry "CZE"]

1. e4 e5 2. Nf3 Nf6 3. Nxe5 d6 4. Nf3 Nxe4 5. Nc3 Nxc3 6. dxc3 Be7 7. Bf4 0-0 8. Qd2 Nd7 9. 0-0-0 Nf6 10. Bd3 c5 11. h3 Qa5 12. a3 Be6 13. Ng5 Ba2 14. Rhe1 Rfe8 15. c4 Qa4 16. Qc3 h6 17. Nf3 Nd5 18. Qd2 Bxc4 19. Re4 Nxf4 20. Qxf4 d5 21. Rxc4 dxc4 22. Bxc4 Kh8 23. Ne5 Rf8 24. Nxf7+ Rxf7 25. Qxf7 Bf6 26. g3 b5 27. Qb7 Qxc4 28. Qxa8+ Kh7 29. Qd5 1-0

[Event "CZE-chT1E 1819"]
[Site "Czech Republic"]
[Date "2019.03.03"]
[Round "9.3"]
[White "Fiedorek, Michal"]
[Black "Holeksa, Zdenek"]
[Result "1-0"]
[WhiteElo "2128"]
[BlackElo "2238"]
[PlyCount "101"]
[EventDate "2018.10.21"]
[EventType "team-tourn"]
[EventRounds "11"]
[EventCountry "CZE"]
[SourceTitle "CBM 189 Extra"]
[Source "ChessBase"]
[SourceDate "2019.06.03"]
[SourceVersion "1"]
[SourceVersionDate "2019.06.03"]
[SourceQuality "1"]
[WhiteTeam "Rychnov nad Kneznou"]
[BlackTeam "Frydek Mistek II"]
[WhiteTeamCountry "CZE"]
[BlackTeamCountry "CZE"]

1. e4 c5 2. Nf3 Nc6 3. d4 cxd4 4. Nxd4 g6 5. c4 Bg7 6. Be3 Nf6 7. Nc3 0-0 8. Be2 d6 9. 0-0 Nxd4 10. Bxd4 Be6 11. f4 Qc8 12. Rc1 Bg4 13. Bxg4 Nxg4 14. Nd5 Re8 15. b4 e6 16. Bxg7 exd5 17. cxd5 Qd7 18. Ba1 Rxe4 19. Qc2 Qf5 20. Qb2 f6 21. h3 Ne3 22. g4 Nxg4 23. hxg4 Qxg4+ 24. Qg2 Qf5 25. Bxf6 Rae8 26. Qg5 Qh3 27. Qh4 Qxh4 28. Bxh4 Rxb4 29. Rb1 Ree4 30. Bg5 b6 31. Rbc1 Rbc4 32. Kg2 Rc5 33. Kf3 Rd4 34. Rxc5 dxc5 35. Re1 Rxd5 36. Re8+ Kg7 37. Re7+ Kg8 38. Rxa7 c4 39. Bf6 b5 40. Ke4 Rd2 41. Ke3 Rc2 42. a3 Rh2 43. Kd4 Rh3 44. Kd5 Re3 45. Be5 Rd3+ 46. Ke6 Rd8 47. Rg7+ Kf8 48. Rxh7 Re8+ 49. Kf6 Kg8 50. Rg7+ Kh8 51. Kf7 1-0

[Event "CZE-chT1E 1718"]
[Site "Czech Republic"]
[Date "2018.01.21"]
[Round "6.2"]
[White "Svancara, Petr"]
[Black "Holeksa, Zdenek"]
[Result "0-1"]
[WhiteElo "2096"]
[BlackElo "2225"]
[PlyCount "60"]
[EventDate "2017.10.22"]
[EventType "team-tourn"]
[EventRounds "11"]
[EventCountry "CZE"]
[SourceTitle "EXT 2019"]
[Source "ChessBase"]
[SourceDate "2018.10.10"]
[SourceVersion "1"]
[SourceVersionDate "2018.10.10"]
[SourceQuality "1"]
[WhiteTeam "Grygov"]
[BlackTeam "Frydek Mistek II"]
[WhiteTeamCountry "CZE"]
[BlackTeamCountry "CZE"]

1. e4 c5 2. Nf3 d6 3. d4 cxd4 4. Nxd4 Nf6 5. Bb5+ Nbd7 6. 0-0 a6 7. Bc4 Nxe4 8. Re1 Ndf6 9. f3 Nc5 10. b4 Ncd7 11. Nf5 Qb6+ 12. Be3 Qc6 13. Nd2 Ne5 14. Nd4 Qc7 15. Bb3 g6 16. b5 Bg7 17. b6 Qd8 18. a4 0-0 19. a5 Bd7 20. h3 Rc8 21. f4 Nc6 22. Nc4 Nd5 23. Nxc6 Bxc6 24. Bd4 Nxf4 25. Bxg7 Kxg7 26. Qd4+ e5 27. Nxe5 dxe5 28. Qxe5+ Qf6 29. Qxf6+ Kxf6 30. Rf1 Kg5 0-1

[Event "CZE-chT1E 1718"]
[Site "Czech Republic"]
[Date "2017.12.10"]
[Round "4.1"]
[White "Holeksa, Zdenek"]
[Black "Snorek, Milan"]
[Result "1-0"]
[WhiteElo "2225"]
[BlackElo "2009"]
[PlyCount "149"]
[EventDate "2017.10.22"]
[EventType "team-tourn"]
[EventRounds "11"]
[EventCountry "CZE"]
[SourceTitle "EXT 2019"]
[Source "ChessBase"]
[SourceDate "2018.10.10"]
[SourceVersion "1"]
[SourceVersionDate "2018.10.10"]
[SourceQuality "1"]
[WhiteTeam "Frydek Mistek II"]
[BlackTeam "Brno Lokomotiva"]
[WhiteTeamCountry "CZE"]
[BlackTeamCountry "CZE"]

1. e4 e5 2. Nf3 Nf6 3. Nxe5 d6 4. Nf3 Nxe4 5. Nc3 Nxc3 6. dxc3 Be7 7. Bf4 0-0 8. Qd2 Nd7 9. 0-0-0 Nc5 10. h3 Re8 11. Bc4 Be6 12. Bxe6 Nxe6 13. g4 Qd7 14. Be3 Qa4 15. Kb1 Rad8 16. g5 Qe4 17. Nd4 Nxd4 18. Bxd4 c5 19. Rhe1 Qf5 20. Be3 d5 21. h4 Bf8 22. Bf4 Rxe1 23. Rxe1 Qg4 24. Bg3 d4 25. a3 Qf3 26. Qd1 Qf5 27. Re5 Qc8 28. c4 Bd6 29. Re4 Bxg3 30. fxg3 Re8 31. Qe2 Kf8 32. h5 Qc6 33. Re5 Re6 34. g6 hxg6 35. hxg6 Qd6 36. Qf3 Rxg6 37. Rd5 Qe7 38. Qh5 Rh6 39. Qf5 Qe6 40. Qf4 Kg8 41. Rxc5 Rh1+ 42. Ka2 Qg6 43. Rc8+ Kh7 44. Qb8 Qe4 45. Rh8+ Kg6 46. Qd6+ f6 47. Rxh1 Qxh1 48. Qxd4 f5 49. Kb3 Qc6 50. Kc3 Qc7 51. Qe3 Qa5+ 52. Kd3 Qd8+ 53. Ke2 Qf6 54. b4 Qc6 55. Qf4 Qa4 56. Qd6+ Kg5 57. Qe7+ Kg6 58. Qe6+ Kg5 59. Qe3+ Kg6 60. Qc3 Kf7 61. b5 a6 62. Qb3 axb5 63. cxb5+ Qxb3 64. cxb3 Ke6 65. Kd3 Kd5 66. b4 g5 67. a4 Kd6 68. Kd4 Kc7 69. Ke5 f4 70. gxf4 gxf4 71. Kxf4 Kb6 72. Ke5 Ka7 73. Kd6 Kb8 74. Kd7 Ka7 75. Kc7 1-0

[Event "CZE-chT1E 1617"]
[Site "Czech Republic"]
[Date "2017.03.26"]
[Round "10.2"]
[White "Cempel, Jaroslav"]
[Black "Holeksa, Zdenek"]
[Result "1/2-1/2"]
[WhiteElo "2174"]
[BlackElo "2199"]
[PlyCount "83"]
[EventDate "2016.10.16"]
[EventType "team-tourn"]
[EventRounds "11"]
[EventCountry "CZE"]
[SourceTitle "CBM 177 Extra"]
[Source "ChessBase"]
[SourceDate "2017.04.27"]
[SourceVersion "1"]
[SourceVersionDate "2017.04.27"]
[SourceQuality "1"]
[WhiteTeam "Opava KVS"]
[BlackTeam "Frydek Mistek II"]
[WhiteTeamCountry "CZE"]
[BlackTeamCountry "CZE"]

1. d4 Nf6 2. Bf4 e6 3. e3 c5 4. c3 b6 5. Nf3 Be7 6. h3 0-0 7. Bd3 Ba6 8. Bxa6 Nxa6 9. 0-0 b5 10. Re1 d5 11. Nbd2 b4 12. Ne5 Qb6 13. Qa4 Rac8 14. a3 cxd4 15. axb4 dxc3 16. bxc3 Nb8 17. Qxa7 Qxa7 18. Rxa7 Bd6 19. Ra3 d4 20. exd4 Nd5 21. Ne4 Bxb4 22. cxb4 Nxf4 23. Rf3 Nd5 24. Nxf7 Nc6 25. Nfg5 Nxd4 26. Rxf8+ Rxf8 27. Nc5 Nxb4 28. Ngxe6 Nxe6 29. Nxe6 Re8 30. Re4 h6 31. f4 Nd5 32. f5 Kf7 33. Rd4 Ne7 34. g4 g6 35. Nd8+ Kg7 36. fxg6 Nxg6 37. Rd7+ Re7 38. Rxe7+ Nxe7 39. Kf2 h5 40. g5 Kg6 41. Ne6 Kf5 42. Ng7+ 1/2-1/2

[Event "CZE-chT1E 1516"]
[Site "Czech Republic"]
[Date "2016.04.10"]
[Round "11.8"]
[White "Buran, Jaroslav"]
[Black "Holeksa, Zdenek"]
[Result "1/2-1/2"]
[WhiteElo "2184"]
[BlackElo "2171"]
[PlyCount "81"]
[EventDate "2015.10.11"]
[EventType "team-tourn"]
[EventRounds "11"]
[EventCountry "CZE"]
[SourceTitle "EXT 2017"]
[Source "ChessBase"]
[SourceDate "2016.10.25"]
[SourceVersion "1"]
[SourceVersionDate "2016.10.25"]
[SourceQuality "1"]
[WhiteTeam "Stare Mesto"]
[BlackTeam "Beskydy Chess School II"]
[WhiteTeamCountry "CZE"]
[BlackTeamCountry "CZE"]

1. d4 Nf6 2. Nf3 e6 3. c3 b5 4. Bg5 Bb7 5. e3 b4 6. Bd3 Be7 7. 0-0 Ne4 8. Bxe7 Qxe7 9. Qc2 f5 10. cxb4 Qxb4 11. Na3 0-0 12. Qxc7 Rc8 13. Nc2 Qxb2 14. Rab1 Rxc7 15. Rxb2 Nc3 16. Na3 Ba6 17. Ne5 Bxd3 18. Nxd3 Nc6 19. Nb5 Nxb5 20. Rxb5 Ne7 21. Nc5 Kf7 22. g3 Nd5 23. Rb3 d6 24. Na6 Rc4 25. Rb7+ Kg6 26. Rfb1 Ra4 27. Nc7 Nxc7 28. Rxc7 Rxa2 29. Rbb7 Rg8 30. Re7 Kf6 31. Rf7+ Kg6 32. Rfd7 Ra6 33. h4 h5 34. Kg2 d5 35. Kf3 Ra2 36. Re7 Kf6 37. Rf7+ Kg6 38. Rfe7 Kf6 39. Rf7+ Kg6 40. Rfe7 Kf6 41. Rf7+ 1/2-1/2

[Event "CZE-chT1E 1516"]
[Site "Czech Republic"]
[Date "2015.11.29"]
[Round "4.7"]
[White "Holeksa, Zdenek"]
[Black "Zalesky, Karel"]
[Result "1-0"]
[WhiteElo "2171"]
[BlackElo "2037"]
[PlyCount "71"]
[EventDate "2015.10.11"]
[EventType "team-tourn"]
[EventRounds "11"]
[EventCountry "CZE"]
[SourceTitle "EXT 2017"]
[Source "ChessBase"]
[SourceDate "2016.10.25"]
[SourceVersion "1"]
[SourceVersionDate "2016.10.25"]
[SourceQuality "1"]
[WhiteTeam "Beskydy Chess School II"]
[BlackTeam "Opava "]
[WhiteTeamCountry "CZE"]
[BlackTeamCountry "CZE"]

1. e4 c5 2. Nf3 a6 3. c3 d5 4. exd5 Qxd5 5. d4 Bg4 6. Be2 cxd4 7. cxd4 e6 8. 0-0 Nf6 9. Nc3 Qa5 10. d5 exd5 11. Nd4 Be6 12. Re1 Nc6 13. Nxe6 fxe6 14. Bf3 Kf7 15. Bg5 Be7 16. Bg4 Nd8 17. Qe2 Qb6 18. Rad1 Qc6 19. Bf3 Ne4 20. Nxe4 dxe4 21. Bxe4 Qb5 22. Qf3+ Bf6 23. Bxf6 gxf6 24. a4 Qxa4 25. Qh5+ Ke7 26. Qc5+ Ke8 27. Bxb7 Nxb7 28. Rxe6+ Kf7 29. Qe7+ Kg8 30. Rd7 Qxd7 31. Qxd7 Nc5 32. Re8+ Rxe8 33. Qxe8+ Kg7 34. Qe7+ Kg6 35. Qxc5 Re8 36. f4 1-0

[Event "CZE-chT1E 1415"]
[Site "Czech Republic"]
[Date "2015.04.12"]
[Round "11.4"]
[White "Holeksa, Zdenek"]
[Black "Sluka, Radek"]
[Result "1/2-1/2"]
[WhiteElo "2155"]
[BlackElo "2319"]
[PlyCount "141"]
[EventDate "2014.10.19"]
[EventType "team-tourn"]
[EventRounds "11"]
[EventCountry "CZE"]
[SourceTitle "EXT 2016"]
[Source "ChessBase"]
[SourceDate "2015.10.08"]
[SourceVersion "1"]
[SourceVersionDate "2015.10.08"]
[SourceQuality "1"]
[WhiteTeam "Beskydy Chess School"]
[BlackTeam "Grygov"]
[WhiteTeamCountry "CZE"]
[BlackTeamCountry "CZE"]

1. e4 d5 2. exd5 Nf6 3. Bb5+ Bd7 4. Be2 Nxd5 5. d4 g6 6. c4 Nb6 7. Nc3 Bg7 8. Be3 0-0 9. c5 Nc8 10. Nf3 e6 11. 0-0 Ne7 12. b4 Nf5 13. b5 Nxe3 14. fxe3 Be8 15. Qb3 Nd7 16. Rad1 Qe7 17. Bc4 Kh8 18. Kh1 Bh6 19. e4 g5 20. e5 g4 21. Nd2 Rd8 22. Nde4 f5 23. exf6 Nxf6 24. Ng3 Nh5 25. Nce2 Nf4 26. Nxf4 Rxf4 27. Bxe6 Bxb5 28. Rfe1 Bc6 29. d5 Ba4 30. Qc3+ Qg7 31. Qxg7+ Bxg7 32. Rb1 b6 33. cxb6 axb6 34. Rbc1 Rf2 35. Rxc7 Rxa2 36. Bxg4 Be5 37. Rb7 Bb3 38. Bf3 Bxd5 39. Bxd5 Rxd5 40. Rxb6 Bxg3 41. hxg3 Rg5 42. Rb8+ Rg8 43. Rxg8+ Kxg8 44. Re7 Ra6 45. Re4 Kg7 46. Kh2 Kg6 47. Kh3 Rb6 48. Ra4 Rc6 49. Ra5 Rb6 50. Kh4 Rb2 51. Ra6+ Kg7 52. Kh3 Rb3 53. Re6 Ra3 54. Kg4 Rb3 55. Kf4 Rb4+ 56. Re4 Rb2 57. Kf3 Rb3+ 58. Re3 Rb2 59. g4 Rb4 60. Kg3 Rb2 61. Kh3 Rb1 62. Ra3 Rc1 63. Ra4 Rc2 64. g3 h6 65. Ra5 Kg6 66. Ra6+ Kg5 67. Ra5+ Kg6 68. Ra6+ Kg5 69. Ra8 Rb2 70. Rg8+ Kf6 71. Rf8+ 1/2-1/2

[Event "CZE-chT1E 1415"]
[Site "Czech Republic"]
[Date "2014.10.19"]
[Round "1.6"]
[White "Olsarova, Karolina"]
[Black "Holeksa, Zdenek"]
[Result "0-1"]
[WhiteElo "2224"]
[BlackElo "2155"]
[PlyCount "66"]
[EventDate "2014.10.19"]
[EventType "team-tourn"]
[EventRounds "11"]
[EventCountry "CZE"]
[SourceTitle "EXT 2015"]
[Source "ChessBase"]
[SourceDate "2014.11.20"]
[SourceVersion "1"]
[SourceVersionDate "2014.11.20"]
[SourceQuality "1"]
[WhiteTeam "Orlova Slavia"]
[BlackTeam "Beskydy Chess School"]
[WhiteTeamCountry "CZE"]
[BlackTeamCountry "CZE"]

1. e4 c5 2. Nf3 d6 3. Bb5+ Nd7 4. d4 cxd4 5. Qxd4 Ngf6 6. 0-0 a6 7. Bxd7+ Bxd7 8. c4 g6 9. Nc3 Bg7 10. Qd3 0-0 11. Be3 b5 12. cxb5 axb5 13. a3 Qb8 14. b4 Rc8 15. Bd4 e5 16. Be3 Rxc3 17. Qxc3 Nxe4 18. Qd3 Nf6 19. Qe2 Be6 20. Rfc1 Bc4 21. Qb2 Ng4 22. h3 Nxe3 23. fxe3 d5 24. Re1 f5 25. Qc2 e4 26. Nd4 f4 27. Qf2 Qe5 28. Rad1 Rf8 29. exf4 Rxf4 30. Qe3 Qg5 31. Qc1 Qg3 32. Qd2 e3 33. Rxe3 Bxd4 0-1

[Event "CZE-chT2F 1314"]
[Site "Czech Republic"]
[Date "2014.04.06"]
[Round "11.43"]
[White "Cernin, Radim"]
[Black "Holeksa, Zdenek"]
[Result "1/2-1/2"]
[WhiteElo "2265"]
[BlackElo "2181"]
[PlyCount "116"]
[EventDate "2013.11.03"]
[EventType "team-tourn"]
[EventRounds "11"]
[EventCountry "CZE"]
[SourceTitle "EXT 2016"]
[Source "ChessBase"]
[SourceDate "2015.10.08"]
[SourceVersion "1"]
[SourceVersionDate "2015.10.08"]
[SourceQuality "1"]
[WhiteTeam "Opava KVS"]
[BlackTeam "Dobra"]
[WhiteTeamCountry "CZE"]
[BlackTeamCountry "CZE"]

1. d4 d5 2. c4 c6 3. cxd5 cxd5 4. Nc3 Nf6 5. Bg5 e6 6. e3 Be7 7. Bd3 Nc6 8. f4 h6 9. Bh4 Bd7 10. Nf3 g5 11. fxg5 Ng4 12. Qe2 hxg5 13. Bg3 Nb4 14. Bb1 f5 15. 0-0 Nc6 16. h3 Nf6 17. Be5 Nxe5 18. Nxe5 Bd6 19. Bd3 Bxe5 20. dxe5 Nh5 21. Rf3 Qb6 22. Bb5 Nf4 23. Bxd7+ Kxd7 24. Qd2 Rad8 25. Na4 Qb5 26. exf4 Qxa4 27. fxg5 Rc8 28. b3 Qe4 29. Re1 Qc2 30. Qb4 Qc5+ 31. Qxc5 Rxc5 32. Kh2 Ke7 33. Rd1 Rc2 34. a4 Rh5 35. Rg3 Kf7 36. Rd4 a5 37. h4 Kg6 38. Re3 Rh7 39. Kh3 Rhc7 40. b4 Rb2 41. bxa5 Kh5 42. g4+ fxg4+ 43. Rxg4 Rcc2 44. Rd4 Rh2+ 45. Kg3 Rhg2+ 46. Kh3 Rh2+ 47. Kg3 Rbg2+ 48. Kf3 Rc2 49. Kg3 Rhg2+ 50. Kh3 Rh2+ 51. Kg3 Rcg2+ 52. Kf3 Rg1 53. Rb3 Rxg5 54. Rxb7 Rh3+ 55. Kf2 Rh2+ 56. Kf3 Rh3+ 57. Kf2 Rh2+ 58. Kf3 Rh3+ 1/2-1/2

[Event "CZE-chT2F 1314"]
[Site "Czech Republic"]
[Date "2014.03.23"]
[Round "10.42"]
[White "Nedela, Vlastimil"]
[Black "Holeksa, Zdenek"]
[Result "1/2-1/2"]
[WhiteElo "2304"]
[BlackElo "2181"]
[PlyCount "108"]
[EventDate "2013.11.03"]
[EventType "team-tourn"]
[EventRounds "11"]
[EventCountry "CZE"]
[SourceTitle "EXT 2016"]
[Source "ChessBase"]
[SourceDate "2015.10.08"]
[SourceVersion "1"]
[SourceVersionDate "2015.10.08"]
[SourceQuality "1"]
[WhiteTeam "Trinec II"]
[BlackTeam "Dobra"]
[WhiteTeamCountry "CZE"]
[BlackTeamCountry "CZE"]

1. e4 c5 2. Nf3 d6 3. Bc4 Nc6 4. 0-0 Nf6 5. Re1 g6 6. Bb3 Bg7 7. c3 0-0 8. h3 e5 9. d4 cxd4 10. cxd4 Nxd4 11. Nxd4 exd4 12. Qxd4 Be6 13. Qb4 d5 14. e5 Ne4 15. Nd2 a5 16. Qd4 Nd6 17. Nf3 Nf5 18. Qd1 h6 19. Bd2 Kh7 20. Bc3 b5 21. Nd4 Nxd4 22. Bxd4 Rc8 23. a4 b4 24. Qd3 Qg5 25. Kh2 Rc6 26. Rad1 Rfc8 27. Qf1 Rc4 28. f4 Qe7 29. Re2 h5 30. Rf2 Qc7 31. Bxc4 dxc4 32. f5 gxf5 33. Rxf5 Kg6 34. Rf6+ Kh7 35. Qf3 Bxf6 36. Qxf6 Qd8 37. Qf4 Qg8 38. Qh4 Qg6 39. Rf1 Rg8 40. g4 Qg5 41. Qxh5+ Qxh5 42. gxh5 Rg5 43. Rf4 Rxh5 44. h4 Rf5 45. Kg3 Rxf4 46. Kxf4 Kg6 47. Ke3 Bd7 48. Kd2 Bxa4 49. Bb6 Kf5 50. Bxa5 Kxe5 51. Bxb4 Kf4 52. h5 Kg5 53. Ke3 f5 54. Kf2 Kxh5 1/2-1/2